Discurso pronunciado por... Cristino Martos, presidente de la Academia matritense de jurisprudencia y legislación en la sesión inaugural del Curso de 1878 a 79 celebrada el 30 de noviembre de 1878. (Record no. 159061)

MARC details
000 -LEADER
campo de control de longitud fija 00937nam a22001935i 4500
001 - NÚMERO DE CONTROL
campo de control 159061
003 - IDENTIFICADOR DE NÚMERO DE CONTROL
campo de control ES-MaACL
005 - FECHA Y HORA DE LA ÚLTIMA TRANSACCIÓN
campo de control 20231228063236.0
008 - DATOS DE LONGITUD FIJA--INFORMACIÓN GENERAL
campo de control de longitud fija 940301s1878 sp |||| | spa d
040 ## - FUENTE DE CATALOGACIÓN
Centro catalogador/agencia de origen AS
Lengua de catalogación spa
100 1# - ENTRADA PRINCIPAL--NOMBRE DE PERSONA
Nombre de persona Martos, Cristino,
Fechas asociadas al nombre 1830-1893
9 (RLIN) 78547
245 10 - MENCIÓN DEL TÍTULO
Título Discurso pronunciado por... Cristino Martos, presidente de la Academia matritense de jurisprudencia y legislación en la sesión inaugural del Curso de 1878 a 79 celebrada el 30 de noviembre de 1878.
260 ## - PUBLICACIÓN, DISTRIBUCIÓN, ETC.
Lugar de publicación, distribución, etc. Madrid :
Nombre del editor, distribuidor, etc. [s.n.],
Fecha de publicación, distribución, etc. 1878 (
Fabricante Imprenta del Ministerio de Gracia y Justicia)
300 ## - DESCRIPCIÓN FÍSICA
Extensión 37 p. ;
Dimensiones 24 cm.
710 ## - ENTRADA AGREGADA--NOMBRE DE ENTIDAD CORPORATIVA
Nombre de entidad corporativa o nombre de jurisdicción como elemento de entrada Academia Matritense de Jurisprudencia y Legislación.
9 (RLIN) 1204
852 ## - LOCALIZACIÓN
Ubicación ES-MaACL
Número de control de estantería T-318-F-4
Nota libre -- Enc. hol.
condición física -- Falto de la cub. original
Nota libre -- Enc. en un vol. facticio
852 ## - LOCALIZACIÓN
Ubicación ES-MaACL
Número de control de estantería T-377-F-10
Nota libre -- Enc. hol.
condición física -- Falto de la cub. original
Nota libre -- Enc. en un vol. facticio
Holdings
Estatus retirado Estado de pérdida Estado de daño No para préstamo Colección Biblioteca de origen Biblioteca actual Ubicación en estantería Fecha de adquisición Total de préstamos Signatura topográfica completa Código de barras Visto por última vez Precio de reemplazo Tipo de ítem Koha
        Colección de folletos Biblioteca del Ateneo de Madrid Biblioteca del Ateneo de Madrid Depósito folletos 17/01/2008   T-377-F-10 1166514 23/02/2023 23/02/2023 Folleto
        Colección de folletos Biblioteca del Ateneo de Madrid Biblioteca del Ateneo de Madrid Depósito folletos 17/01/2008   T-318-F-4 1166513 23/02/2023 23/02/2023 Folleto